000 02914nam a22003257a 4500
005 20120710114246.0
010 _aB-462379-388
020 _a9789380752136 (v-2)
_c2000.00 (2 Vols. set)
020 _a9789380752136 (V-1)
_c2000.00(2 Vols.set)
035 _aB-462379-388
037 _adpl
_bK.K.Pub/Ven
082 _a190.904
100 _aJha, Avinash Kumar
_950068
245 _aEncyclopedia on Tagore and Contemporary Thinkers/
_cby Avinash Kumar Jha
260 _aNew Delhi
_bKunal
_c2011
270 _a4596/1A First Floor, 11 Daryaganj
_bNew Delhi
300 _aV-1(271p) V-2 (256p)
_c21cm
942 _2ddc
_cEN
_h190.904
_mJHA
999 _c68367
_d68367